000
00260nam a2200109Ia 4500
008
230907s9999||||xx |||||||||||||| ||und||
082
_a
955.061
_b
DEW
245
0
_a
Everyday Iran :
260
_a
I.B.Tauris,
_b
New York :
_c
2015
300
_a
1978 p.
942
_c
BK
999
_c
599182
_d
599182